00873nam a2200229 a 450000100060000000300080000600500170001400800410003103500190007204000450009104100080013608200280014411000530017224501620022526000220038730000250040949000490043450000590048365000260054265100260056883000490059442763BD-RjUL20211209053604.0721020s1951 nyu 000 0 eng  a(BD-RjUL)42881 aDLCcOTUdNcRSdOCoLCdDLCdBD-RjULbeng aeng a338.91724223bUNM 19512 aUnited Nations.bDepartment of Economic Affairs.10aMeasures for the economic development of under-developed countries :breport by a group of experts appointed by the Secretary-General of the United Nations / aNew York :c1951. aix, 108 p. ;c23 cm.1 aUnited Nations. [Document] E/1986, ST/ECA/10 a"United Nations publications. Sales no.: 1951.II.B.2." aEconomic development. 0aDeveloping countries. aUnited Nations. [Document] E/1986, ST/ECA/10